Ligne 12 du Métro Parisien - Statistiques

Statistiques générales
  • Ce quiz a été pris 1 953 fois
    1 945 depuis la dernière actualisation
  • Le résultat moyen est 22 sur 31
Statistiques - réponses
n gares correspondances % Correct
23 Montparnasse - Bienvenüe M 4 6 13Transilien N
88%
14 Saint-Lazare M 3 13 14RER E Transilien J L
88%
31 Mairie d'Issy
87%
16 Concorde M 1 8
85%
15 Madeleine M 8 14
83%
1 Mairie d'Aubervilliers
81%
29 Porte de Versailles T 2 3a
81%
17 Assemblée Nationale
78%
25 Pasteur M 6
78%
10 Pigalle M 2
78%
20 Sèvres - Babylone M 10
75%
27 Vaugirard
72%
28 Convention
71%
9 Abbesses
70%
19 Rue du Bac
70%
18 Solférino RER C
70%
21 Rennes
69%
4 Porte de la Chapelle T 3b
68%
3 Front Populaire
66%
12 Notre-Dame-de-Lorette
65%
22 Notre-Dame-des-Champs
65%
26 Volontaires
65%
30 Corentin Celton
64%
5 Marx Dormoy
62%
6 Marcadet - Poissonniers M 4
61%
24 Falguière
59%
2 Aimé Césaire
57%
7 Jules Joffrin
57%
11 Saint-Georges
54%
13 Trinité - D'Estienne d'Orves
53%
8 Lamarck - Caulaincourt
51%
Aucun quiz correspondant
Distribution des résultats
% des personnes avec chaque résultat
Percentile par nombre de réponses
Votre historique - résultats
Vous n’avez pas pris ce quiz depuis la dernière actualisation